00776nam a2200217 i 450000100060000000300090000600500170001500700030003200800410003502000180007608000230009408000220011710000310013924501670017026000380033730000220037560000490039760000480044670000310049485200330052577959ES-MaACL20230906173457.0t|041116s2003 sp ||||1| spa d a84-8472-110-8 a929 Reyes, Alfonso a929 Cernuda, Luis1 aReyes, Alfonso,d1889-195910aPáginas sobre una poesía b: correspondencia Alfonso Reyes y Luis Cernuda : [1932-1959] / ccompilación, introducción y notas de Alberto Enríquez Perea. aSevilla : bRenacimiento, c2003. a206 p. ; c24 cm.14aReyes, Alfonso,d1889-1959-vCorrespondencia14aCernuda, Luis,d1902-1963-xCorrespondencia1 aEnríquez Perea, Alberto. aES-MaACLjL-28455 bR.134300